<?xml version="1.0" encoding="UTF-8"?>
<record
    xmlns:xsi="http://www.w3.org/2001/XMLSchema-instance"
    xsi:schemaLocation="http://www.loc.gov/MARC21/slim http://www.loc.gov/standards/marcxml/schema/MARC21slim.xsd"
    xmlns="http://www.loc.gov/MARC21/slim">

  <leader>01446nam2a2200229   4500</leader>
  <controlfield tag="001">rc\3007949</controlfield>
  <controlfield tag="005">20260315064052.0</controlfield>
  <datafield tag="035" ind1=" " ind2=" ">
    <subfield code="a">(NLR Aleph) 007150654</subfield>
  </datafield>
  <datafield tag="090" ind1=" " ind2=" ">
    <subfield code="a">13616831</subfield>
    <subfield code="c">13616831</subfield>
  </datafield>
  <datafield tag="100" ind1=" " ind2=" ">
    <subfield code="a">20080314d1935    u  y0rusy50      ca</subfield>
  </datafield>
  <datafield tag="101" ind1="0" ind2=" ">
    <subfield code="a">rus</subfield>
  </datafield>
  <datafield tag="102" ind1=" " ind2=" ">
    <subfield code="a">RU</subfield>
  </datafield>
  <datafield tag="105" ind1=" " ind2=" ">
    <subfield code="a">ba  z   |||||</subfield>
  </datafield>
  <datafield tag="200" ind1="0" ind2=" ">
    <subfield code="a">&#x422;. 1</subfield>
  </datafield>
  <datafield tag="210" ind1=" " ind2=" ">
    <subfield code="d">1935</subfield>
  </datafield>
  <datafield tag="215" ind1=" " ind2=" ">
    <subfield code="a">&#x41F;&#x435;&#x440;&#x435;&#x43F;&#x43B;&#x435;&#x442;, 323 &#x441;., 1 &#x432;&#x43A;&#x43B;. &#x43B;. &#x43A;&#x430;&#x440;&#x442;.</subfield>
    <subfield code="c">&#x438;&#x43B;., &#x43A;&#x430;&#x440;&#x442;.</subfield>
  </datafield>
  <datafield tag="461" ind1=" " ind2="0">
    <subfield code="1">001rc\3007948</subfield>
    <subfield code="1">2001#$a&#x421;&#x43E;&#x440;&#x43D;&#x44B;&#x435; &#x440;&#x430;&#x441;&#x442;&#x435;&#x43D;&#x438;&#x44F; &#x421;&#x421;&#x421;&#x420;$e&#x420;&#x443;&#x43A;&#x43E;&#x432;&#x43E;&#x434;&#x441;&#x442;&#x432;&#x43E; &#x43A; &#x43E;&#x43F;&#x440;&#x435;&#x434;&#x435;&#x43B;&#x435;&#x43D;&#x438;&#x44E; &#x441;&#x43E;&#x440;&#x43D;&#x44B;&#x445; &#x440;&#x430;&#x441;&#x442;&#x435;&#x43D;&#x438;&#x439; &#x421;&#x421;&#x421;&#x420; ...$f&#x41F;&#x43E;&#x434; &#x440;&#x435;&#x434;. &#x430;&#x43A;&#x430;&#x434;. &#x411;.&#x410;. &#x41A;&#x435;&#x43B;&#x43B;&#x435;&#x440;&#x430;, &#x430;&#x43A;&#x430;&#x434;. &#x412;&#x443;&#x430;&#x43D;, &#x412;.&#x41D;. &#x41B;&#x44E;&#x431;&#x438;&#x43C;&#x435;&#x43D;&#x43A;&#x43E; ... [&#x438; &#x434;&#x440;.]$g&#x421; &#x443;&#x447;&#x430;&#x441;&#x442;&#x438;&#x435;&#x43C; &#x43A;&#x43E;&#x43B;&#x43B;&#x435;&#x43A;&#x442;&#x438;&#x432;&#x430; &#x431;&#x43E;&#x442;&#x430;&#x43D;&#x438;&#x43A;&#x43E;&#x432; &#x411;&#x418;&#x41D;'&#x430; &#x412;&#x418;&#x420;'&#x430; &#x438; &#x434;&#x440;. &#x441;&#x43F;&#x435;&#x446;. &#x43F;&#x43E; &#x441;&#x43E;&#x440;&#x43D;&#x44B;&#x43C; &#x440;&#x430;&#x441;&#x442;&#x435;&#x43D;&#x438;&#x44F;&#x43C;$g&#x411;&#x43E;&#x442;&#x430;&#x43D;&#x438;&#x447;. &#x438;&#x43D;-&#x442; &#x410;&#x43A;&#x430;&#x434;. &#x43D;&#x430;&#x443;&#x43A; &#x421;&#x421;&#x421;&#x420; &#x438; &#x418;&#x43D;-&#x442; &#x440;&#x430;&#x441;&#x442;&#x435;&#x43D;&#x438;&#x435;&#x432;&#x43E;&#x434;&#x441;&#x442;&#x432;&#x430; &#x410;&#x43A;&#x430;&#x434;. &#x441;.-&#x445;. &#x43D;&#x430;&#x443;&#x43A; &#x438;&#x43C;. &#x41B;&#x435;&#x43D;&#x438;&#x43D;&#x430;$v&#x422;. 1</subfield>
    <subfield code="9">7148183</subfield>
    <subfield code="c">&#x41B;&#x435;&#x43D;&#x438;&#x43D;&#x433;&#x440;&#x430;&#x434;</subfield>
    <subfield code="d">1935</subfield>
    <subfield code="f">&#x41F;&#x43E;&#x434; &#x440;&#x435;&#x434;. &#x430;&#x43A;&#x430;&#x434;. &#x411;.&#x410;. &#x41A;&#x435;&#x43B;&#x43B;&#x435;&#x440;&#x430;, &#x430;&#x43A;&#x430;&#x434;. &#x412;&#x443;&#x430;&#x43D;, &#x412;.&#x41D;. &#x41B;&#x44E;&#x431;&#x438;&#x43C;&#x435;&#x43D;&#x43A;&#x43E; ... [&#x438; &#x434;&#x440;.]</subfield>
    <subfield code="n">&#x438;&#x437;&#x434;-&#x432;&#x43E; &#x438; &#x442;&#x438;&#x43F;. &#x410;&#x43A;&#x430;&#x434;. &#x43D;&#x430;&#x443;&#x43A; &#x421;&#x421;&#x421;&#x420;</subfield>
    <subfield code="o">&#x420;&#x443;&#x43A;&#x43E;&#x432;&#x43E;&#x434;&#x441;&#x442;&#x432;&#x43E; &#x43A; &#x43E;&#x43F;&#x440;&#x435;&#x434;&#x435;&#x43B;&#x435;&#x43D;&#x438;&#x44E; &#x441;&#x43E;&#x440;&#x43D;&#x44B;&#x445; &#x440;&#x430;&#x441;&#x442;&#x435;&#x43D;&#x438;&#x439; &#x421;&#x421;&#x421;&#x420; ...</subfield>
    <subfield code="t">&#x421;&#x43E;&#x440;&#x43D;&#x44B;&#x435; &#x440;&#x430;&#x441;&#x442;&#x435;&#x43D;&#x438;&#x44F; &#x421;&#x421;&#x421;&#x420;</subfield>
    <subfield code="v">&#x422;. 1</subfield>
  </datafield>
  <datafield tag="801" ind1=" " ind2="0">
    <subfield code="a">RU</subfield>
    <subfield code="b">NLR</subfield>
    <subfield code="g">psbo</subfield>
  </datafield>
  <datafield tag="801" ind1=" " ind2="1">
    <subfield code="a">RU</subfield>
    <subfield code="b">ELAR</subfield>
    <subfield code="2">rusmarc</subfield>
  </datafield>
  <datafield tag="852" ind1=" " ind2=" ">
    <subfield code="a">NLR</subfield>
    <subfield code="j">35-19/102(1)</subfield>
  </datafield>
  <datafield tag="942" ind1=" " ind2=" ">
    <subfield code="c">UNSPEC</subfield>
  </datafield>
  <datafield tag="980" ind1=" " ind2=" ">
    <subfield code="a">NB</subfield>
  </datafield>
</record>
